00668nam a22002057a 4500003000500000005001700005008004100022010001000063011001000073035001000083040000900093100003400102245010300136260004100239300001000280502009200290650001800382650002600400650003600426CHAP20220329135535.0971013s1983 r 00010 d a38220 a39192 a43312 cCHAP00aPavón Reyes, Jorge Alberto. aEfecto de dos bioestimulantes en variedades braquíticas de maíz (Zea mays L.) en Apodaca, N.L. a(Monterrey, N.L.) :bEl autor,c1983 a44 h. aTesis (Ing. Agr. Administrador) -- ITESM. Div. de Ciencias Agropeucuarias y Marítimas14aMaíz enano.14aMaízxNuevo León.14aPlantasxCrecimientoxAditivos.